000 00629cam a22002053a 4500
001 43171
003 PGUSA
005 20140828084000.0
008 130709s2013||||xxu|||||s|||||000 | eng d
040 _aPGUSA
_beng
042 _adc
100 1 _aVenturi, Adolfo
245 1 0 _aAntonio Canova (1757-1822) :
_bLa vita italiana durante la Rivoluzione francese e l'Impero
_h[electronic resource] /
_cAdolfo Venturi
260 _bProject Gutenberg,
_c2013
506 _aPublic domain in the USA.
516 _aElectronic text
830 0 _aProject Gutenberg
_v43171
856 4 0 _uhttp://www.gutenberg.org/ebooks/43171
942 _cEB
999 _c272422
_d272422